| 000 | 00479nam a2200181Ia 4500 | ||
|---|---|---|---|
| 003 | GCL | ||
| 008 | 140319s9999 xx 000 0 ara d | ||
| 040 |
_aGCL / _cGCL |
||
| 082 | 0 | 4 |
_aد _b050 |
| 100 | 1 | _aامين ابراهيم كحيل | |
| 245 | 1 | 0 |
_aالنار و النور (اقرا 29 ) / _cامين ابراهيم كحيل |
| 300 | _a107 | ||
| 490 |
_aاقرأ _v0 |
||
| 650 | 0 | 4 | _aالانسان |
| 650 | 0 | 4 | _aالنار |
| 650 | 0 | 4 | _aالاضاءة |
| 942 |
_2ddc _cBK |
||
| 999 |
_c48809 _d48809 |
||